000 00735cab a2200229 4500
001 WB3417-42
008 090401t1998 xxu||||| |||| 00| 0 eng d
035 _a(Sirsi) u86042
041 _aeng
245 _aEstate agents acting for buyers
260 _c1998
350 _a0
490 _aFinancial Times
_v`Weekend`, 2&3 May 1998, XVII(1)
520 _aSome estate agents seeking new business are putting pressure on buyers to pay for help in finding properties, due to an over-subscribed housing market.
650 _aBUYING AGENTS
650 _aESTATE AGENTS
650 _aHOUSE SALES
650 _aHOUSING MARKET
690 _aMANAGEMENT-BUSINESS MANAGEMENT-PROFESSIONAL PRACTICE
942 _n0
948 _c07/05/1998
999 _c54127
_d54127